000 00376nam a2200145Ia 4500
008 210210b1987 xxu||||| |||| 00| 0 eng d
082 _a796.325 COXT
100 _aCOX (Richard H).
245 _aTeaching volleyball.
260 _aDelhi.
_bSurjeet Publications.,
_c1987
300 _aiv,137
650 _aVolleyball
690 _aAthletic & Outdoor Sports
906 _a040346
999 _c90094
_d90094